000 00549nam a2200217Ia 4500
003 OSt
005 20220928145455.0
006 a|||||r|||| 00| 0
007 ta
008 220927b |||||||| |||| 00| 0 eng d
024 _a80738
037 _cTextual
040 _aSDCL
_cSDCL
_beng
041 _2eng
_aeng
082 _aW81y7, L6
100 _aBell J Bowyer
_9513094
245 0 _aOn revolt
_b Strategies of national liberation.
260 _c1976
942 _hW81y7, L6
_cTEXL
_2CC
999 _c833748
_d833748